Bibliografía sobre educación superior: listado alfabético de libros, revistas y documentos localizados en bibliotecas universitarias del país

Guardat en:
Dades bibliogràfiques
Autor corporatiu: Consejo de Rectores Universidades Chilenas (Autor)
Format: Llibre
Idioma:espanyol
Publicat: Santiago Consejo de Rectores Universidades Chilenas 1979
Matèries:
Etiquetes: Afegir etiqueta
Sense etiquetes, Sigues el primer a etiquetar aquest registre!

MARC

LEADER 00000nam a2200000 a 4500
001 UCR7924
003 CL-VaPUC
008 980519e19790000CL |||||||||||||||||spa|d
082 0 4 |a 378.016  |b CON  |2 21 
110 2 |a Consejo de Rectores Universidades Chilenas  |e author  |9 409467 
245 1 0 |a Bibliografía sobre educación superior: listado alfabético de libros, revistas y documentos localizados en bibliotecas universitarias del país 
300 |a 283 p 
942 |c BK 
945 |d 19980519 00:00:00  |a crobeson 
260 |a Santiago  |b Consejo de Rectores Universidades Chilenas  |c 1979 
650 0 |a Educación superior   |9 223851 
650 0 |a Bibliografías   |9 257071 
583 |a last modification  |c 20170727 04:36:34  |k Rodrigo Vera 
999 |c 269499  |d 269497 
952 |0 0  |1 0  |4 0  |6 378_016000000000000_CON_1979  |7 0  |8 A  |9 303252  |a BIBENE  |b BIBENE  |d 2019-11-20  |i 1999869  |o 378.016 CON 1979  |p 1999869  |r 2025-01-15  |w 2019-11-20  |y BK  |k ICO